000 00735nam a2200253Ia 4500
003 OSt
005 20220926014511.0
006 a|||||r|||| 00| 0
007 ta
008 220923b |||||||| |||| 00| 0 eng d
020 _a070423725
037 _cGeneral Book
040 _aRTL
_cRTL
_beng
041 _2eng
_aeng
082 _aB280bX, L7
100 _aMills Richard L
_9320716
245 0 _aStatistics for applied economics and business
260 _aNew York
_bMcGraw-Hill
_c1977
300 _axvi,618p.
_ccm.
500 _aBibliography: P 610-12; Appendix chapterwise and P: 543-69
650 _aStatistics
_935791
942 _hB280bX, L7
_cGB
_2CC
999 _c629168
_d629168